000 00795cab a2200277 4500
001 WB3007-37
008 090401t1994 xxu||||| |||| 00| 0 eng d
035 _a(Sirsi) u71618
041 _aeng
245 _aSecrecy set to end
260 _c1994
350 _a0
490 _aEstates Times
_v(1221) 11 February 1994, 1(1)
520 _aRICS and others welcome proposals in a Land Registry consultation paper that the price of freehold deals and rents should be included on the Land Register.
650 _aCONSULTATION PAPERS
650 _aFREEHOLD
650 _aLAND REGISTER
650 _aHM LAND REGISTRY
650 _aLEASES
650 _aPRICES
650 _aTRANSPARANCY
690 _aLAND
690 _aPROPERTY LAW AND PRACTICE
942 _n0
948 _c04/03/1997
999 _c45175
_d45175